[Event "International Championship of Central Se"]
[Site "Paracin, hotel "]
[Date "2016.07.14"]
[Round "9.27"]
[White "Bosnjak, Petar"]
[Black "Chekletsov, Ilya"]
[Result "1-0"]
[WhiteElo "2311"]
[BlackElo "2223"]
[PlyCount "107"]
[EventDate "2016.07.07"]

1. e4 e6 2. d4 d5 3. Nd2 c5 4. Ngf3 Nc6 5. exd5 Qxd5 6. Bc4 Qd8 7. Nb3 cxd4 8.
Nbxd4 Nxd4 9. Nxd4 a6 10. O-O Nf6 11. c3 Qc7 12. Qe2 Bd6 13. h3 O-O 14. Bg5 Be7
15. Rfe1 Re8 16. Bb3 Bd7 17. Nf3 Rad8 18. Ne5 Bc8 19. Rad1 Rxd1 20. Rxd1 Rd8
21. Re1 Nd5 22. Bxe7 Nxe7 23. Bc2 Nc6 24. Nf3 Qf4 25. g3 Qf6 26. Be4 Bd7 27. h4
g6 28. Qe3 Be8 29. Ng5 Kg7 30. Bg2 Qe7 31. b4 h5 32. a4 Rc8 33. Qb6 Nd8 34. a5
Bc6 35. Bf1 f6 36. Nh3 Qd7 37. c4 e5 38. b5 Bf3 39. Qe3 Bg4 40. Kh2 Be6 41. f4
Nf7 42. bxa6 bxa6 43. c5 Qa4 44. Rc1 Qa2+ 45. Nf2 exf4 46. gxf4 Rd8 47. Kg1 Nh6
48. c6 Nf5 49. c7 Re8 50. Qe2 Qa3 51. Qxe6 Qg3+ 52. Bg2 Rxe6 53. c8=Q Nxh4 54.
Rc7+ 1-0

[Event "International Championship of Central Se"]
[Site "Paracin, hotel "]
[Date "2016.07.14"]
[Round "9.28"]
[White "Raykov, Stefan"]
[Black "Rajkovic, Mladen"]
[Result "0-1"]
[WhiteElo "2155"]
[BlackElo "2303"]
[PlyCount "100"]
[EventDate "2016.07.07"]

1. e4 c5 2. Nf3 d6 3. d4 cxd4 4. Nxd4 e5 5. Nf3 Nf6 6. Nc3 Be6 7. Bg5 Be7 8.
Qd2 Nbd7 9. Bb5 O-O 10. O-O h6 11. Bxd7 Qxd7 12. Bxf6 Bxf6 13. Rfd1 Rad8 14.
Nd5 Be7 15. Qb4 Rfe8 16. Rd3 Bf8 17. Rad1 f5 18. Nh4 fxe4 19. Qxe4 Be7 20. Ng6
Bg5 21. h4 Bf5 22. Qc4 Kh7 23. Ra3 Rc8 24. Qb4 a5 25. Rxa5 Bd8 26. Ra7 Bxg6 27.
Rxb7 Qc6 28. c3 Rf8 29. g3 Qc5 30. Qxc5 dxc5 31. Ne3 Rf7 32. Rbd7 Rxd7 33. Rxd7
Bf6 34. Nd5 Kg8 35. a4 Be8 36. Ra7 Bc6 37. Nb6 Rd8 38. Kf1 Rd2 39. b4 cxb4 40.
cxb4 Bf3 41. Rd7 Ra2 42. Ke1 e4 43. Nd5 Kf8 44. b5 Bd4 45. b6 Bxf2+ 46. Kf1 e3
47. Nc3 Ra1+ 48. Nd1 Rxd1+ 49. Rxd1 e2+ 50. Kxf2 exd1=Q 0-1

[Event "International Championship of Central Se"]
[Site "Paracin, hotel "]
[Date "2016.07.14"]
[Round "9.29"]
[White "Radovic, Luka"]
[Black "Injac, Teodora"]
[Result "1-0"]
[WhiteElo "2276"]
[BlackElo "2215"]
[PlyCount "111"]
[EventDate "2016.07.07"]

1. g3 g6 2. Bg2 Bg7 3. e4 c5 4. Ne2 Nc6 5. Nbc3 e6 6. d3 Nge7 7. Be3 Nd4 8. Qd2
d6 9. Nd1 Nxe2 10. Qxe2 Nc6 11. Qd2 O-O 12. Bh6 Bxh6 13. Qxh6 Qf6 14. Qd2 b6
15. O-O Bb7 16. c3 Qg7 17. f4 f5 18. Ne3 Rad8 19. g4 fxg4 20. Nxg4 Kh8 21. Rae1
Ne7 22. Qe3 Rf7 23. Rf2 Bc8 24. Qg3 Rdf8 25. Ref1 Ba6 26. Qh3 h5 27. e5 d5 28.
Nf6 Nf5 29. Kh1 Qh6 30. Rg1 Rxf6 31. exf6 Rxf6 32. Qf3 Bb7 33. Qe2 Qg7 34. Qe5
Rf7 35. Re1 Qxe5 36. Rxe5 Rf6 37. Rfe2 Ng7 38. c4 Rxf4 39. cxd5 Kh7 40. Kg1
exd5 41. Bxd5 Ba6 42. Be4 Kh6 43. Rf2 Rg4+ 44. Rg2 Nf5 45. Rxg4 hxg4 46. Bxf5
gxf5 47. Rxf5 Bxd3 48. Re5 Bc4 49. a3 Bb5 50. Re7 a6 51. Re6+ Kg5 52. Rxb6 Kf4
53. Kf2 c4 54. Rd6 Ke5 55. Rd8 Kf4 56. Rd4+ 1-0

[Event "International Championship of Central Se"]
[Site "Paracin, hotel "]
[Date "2016.07.14"]
[Round "9.30"]
[White "Bejatovic, Bojana"]
[Black "Tomic, Aleksandar"]
[Result "0-1"]
[WhiteElo "2019"]
[BlackElo "2272"]
[PlyCount "113"]
[EventDate "2016.07.07"]

1. d4 Nf6 2. Nf3 e6 3. Bg5 c5 4. e3 h6 5. Bh4 Be7 6. Bd3 O-O 7. O-O b6 8. Nbd2
Bb7 9. c3 Nc6 10. Qe2 cxd4 11. exd4 Nd5 12. Bxe7 Qxe7 13. Qe4 f5 14. Qh4 Qxh4
15. Nxh4 Nf4 16. Bc2 g5 17. Nhf3 Rac8 18. Bb3 Na5 19. Rad1 Kh7 20. Ne1 g4 21.
f3 h5 22. Ba4 Rf7 23. Kf2 h4 24. b4 Nc4 25. Nxc4 Rxc4 26. Nd3 Nxd3+ 27. Rxd3
Rc8 28. Bb3 Rg7 29. fxg4 fxg4 30. g3 h3 31. Re1 Rf7+ 32. Ke3 Ba6 33. c4 Bxc4
34. Rc3 Rf3+ 35. Kd2 Rxc3 36. Kxc3 Bd5+ 37. Kb2 Rf8 38. Re2 Rf1 39. Bxd5 exd5
40. Kc2 Kg6 41. b5 Rf3 42. Kc1 d6 43. Kb2 Rd3 44. Kc2 Rxd4 45. Re6+ Kf5 46.
Rxd6 Ke4 47. Rd7 Ra4 48. Kb3 Ra5 49. a4 d4 50. Rf7 Ke3 51. Rf4 a6 52. bxa6 Rxa6
53. Rxg4 Ra5 54. Rh4 d3 55. Kc3 d2 56. Rd4 Rc5+ 57. Rc4 0-1

[Event "International Championship of Central Se"]
[Site "Paracin, hotel "]
[Date "2016.07.14"]
[Round "9.32"]
[White "Topel, Zehra"]
[Black "Cvetkovic, Nemanja"]
[Result "1/2-1/2"]
[WhiteElo "2107"]
[BlackElo "2227"]
[PlyCount "73"]
[EventDate "2016.07.07"]

1. d4 d5 2. Nf3 Nf6 3. c4 c6 4. e3 Bf5 5. Nc3 e6 6. Be2 h6 7. O-O Nbd7 8. Bd3
Bxd3 9. Qxd3 Bd6 10. e4 dxe4 11. Nxe4 Nxe4 12. Qxe4 O-O 13. Be3 Qe7 14. Bf4 Nf6
15. Bxd6 Qxd6 16. Qe5 Qb4 17. b3 Rfd8 18. Rfd1 a5 19. h3 a4 20. Qe3 Ra5 21. Ne1
axb3 22. axb3 Rda8 23. Rxa5 Rxa5 24. Nc2 Qb6 25. b4 Ra4 26. Qb3 Qa6 27. Re1 b5
28. cxb5 cxb5 29. Qc3 Ra2 30. Rc1 Ne4 31. Qc7 Qa4 32. Qc6 Nd2 33. d5 exd5 34.
Qc8+ Kh7 35. Qf5+ Kg8 36. Qc8+ Kh7 37. Qf5+ 1/2-1/2

[Event "International Championship of Central Se"]
[Site "Paracin, hotel "]
[Date "2016.07.14"]
[Round "9.33"]
[White "Dimitrijevic, Nenad"]
[Black "Stanojevic, Ilija"]
[Result "1-0"]
[WhiteElo "2225"]
[BlackElo "2119"]
[PlyCount "87"]
[EventDate "2016.07.07"]

1. e4 e5 2. Nc3 Nf6 3. Bc4 Bb4 4. a3 Ba5 5. b4 Bb6 6. d3 c6 7. Qf3 h6 8. Nge2
d6 9. h3 Be6 10. Bxe6 fxe6 11. Na4 Bc7 12. Qg3 Qe7 13. Qg6+ Qf7 14. Qxf7+ Kxf7
15. O-O a5 16. Bd2 Nbd7 17. Nac3 g5 18. b5 c5 19. Na4 b6 20. g3 Rag8 21. Kh2 d5
22. exd5 exd5 23. Rae1 h5 24. Nac3 h4 25. Kg2 Ke8 26. g4 Kd8 27. Ng1 Rh7 28.
Nf3 Rhg7 29. Re2 Bd6 30. Nd1 Kc7 31. Ne3 Rg6 32. Nf5 e4 33. dxe4 Nxe4 34. c4
Nxd2 35. Nxd2 Nf6 36. Rfe1 dxc4 37. Nxc4 Nd5 38. Rd2 Nf4+ 39. Kf3 Bf8 40. Red1
R8g7 41. Nxg7 Rxg7 42. Ne5 Nxh3 43. Rd8 Be7 44. R1d7# 1-0

[Event "International Championship of Central Se"]
[Site "Paracin, hotel "]
[Date "2016.07.14"]
[Round "9.34"]
[White "Kisic, Bozidar"]
[Black "Ozates, Tuna"]
[Result "1/2-1/2"]
[WhiteElo "2215"]
[BlackElo "2074"]
[PlyCount "102"]
[EventDate "2016.07.07"]

1. d4 d5 2. c4 c6 3. Nf3 Nf6 4. cxd5 cxd5 5. Qb3 Nc6 6. Nc3 e6 7. Bg5 Be7 8. e3
O-O 9. Bd3 Bd7 10. O-O Rc8 11. Rfc1 Na5 12. Qd1 a6 13. Ne5 h6 14. Bh4 b5 15.
Bc2 Be8 16. Qd3 g6 17. a4 b4 18. Ne2 Nc4 19. b3 Nxe5 20. dxe5 Ng4 21. Bg3 f6
22. Nd4 Qd7 23. Qxa6 fxe5 24. Qxe6+ Qxe6 25. Nxe6 Rf6 26. Bd1 Rxc1 27. Rxc1
Nxe3 28. Nc7 Nxd1 29. Nxe8 Rf8 30. Rxd1 Rxe8 31. Bxe5 Rd8 32. Bd4 Kf7 33. Rc1
Rd6 34. g3 Bf6 35. Rc7+ Ke6 36. Bxf6 Kxf6 37. Kf1 Ke5 38. Ke2 Kd4 39. Kd2 Rf6
40. f4 g5 41. Rb7 Ke4 42. Rxb4+ d4 43. a5 gxf4 44. gxf4 Rg6 45. Ra4 Rg2+ 46.
Kc1 Kd3 47. a6 Kc3 48. Rc4+ Kxb3 49. Rxd4 Kc3 50. Rd7 Rg1+ 51. Rd1 Rg6 1/2-1/2

[Event "International Championship of Central Se"]
[Site "Paracin, hotel "]
[Date "2016.07.14"]
[Round "9.35"]
[White "Apontecastillo, Ernesto"]
[Black "Stefanov, Emil"]
[Result "0-1"]
[WhiteElo "2100"]
[BlackElo "2215"]
[PlyCount "74"]
[EventDate "2016.07.07"]

1. e4 c5 2. Nf3 Nc6 3. Bb5 g6 4. O-O Bg7 5. Re1 Nd4 6. Bc4 e6 7. c3 Nxf3+ 8.
Qxf3 Ne7 9. d3 Nc6 10. Bb3 O-O 11. Bf4 d6 12. Qg3 Be5 13. Bxe5 dxe5 14. Nd2 a6
15. Rad1 b5 16. Nf3 f6 17. d4 exd4 18. cxd4 c4 19. Bc2 Ne7 20. d5 e5 21. Nxe5
fxe5 22. Qxe5 Bd7 23. d6 Nc6 24. Qc5 Qe8 25. e5 Nd8 26. Be4 Ne6 27. Qb6 Rd8 28.
Qxa6 Qf7 29. Qb6 Qf4 30. Bd5 Qf5 31. Re2 Kh8 32. g3 g5 33. Bg2 g4 34. a3 Rde8
35. Rde1 Ng5 36. Qd4 Re6 37. Kh1 Nf3 0-1

[Event "International Championship of Central Se"]
[Site "Paracin, hotel "]
[Date "2016.07.14"]
[Round "9.36"]
[White "Tisma, Ivan"]
[Black "Sukovic, Andrej"]
[Result "1-0"]
[WhiteElo "2212"]
[BlackElo "2084"]
[PlyCount "83"]
[EventDate "2016.07.07"]

1. Nf3 Nf6 2. c4 g6 3. g3 Bg7 4. Bg2 O-O 5. O-O d6 6. Nc3 Nc6 7. Rb1 e5 8. d3
h6 9. b4 Be6 10. b5 Ne7 11. Bb2 Qd7 12. Re1 Nh5 13. Qb3 f5 14. Nd5 f4 15. Nh4
Kh7 16. Nxe7 Qxe7 17. Bxb7 fxg3 18. hxg3 Rxf2 19. Kxf2 Rf8+ 20. Nf3 Nxg3 21.
Rg1 Rxf3+ 22. Bxf3 Nf5 23. e3 Qh4+ 24. Ke2 h5 25. Rbe1 Bh6 26. Bc1 Qh2+ 27. Rg2
Qh3 28. Rf2 Nh4 29. Rh1 Qg3 30. Rxh4 Qxh4 31. Qd1 g5 32. Qh1 Qxh1 33. Bxh1 h4
34. Be4+ Kg7 35. Bf5 Bxf5 36. Rxf5 g4 37. Bd2 e4 38. dxe4 Kg6 39. Be1 g3 40.
Kf3 Bg7 41. a4 Be5 42. Kg2 1-0

[Event "International Championship of Central Se"]
[Site "Paracin, hotel "]
[Date "2016.07.14"]
[Round "9.37"]
[White "Mitev, Valentin"]
[Black "Ererdem, Gani Eren"]
[Result "0-1"]
[WhiteElo "2073"]
[BlackElo "2151"]
[PlyCount "56"]
[EventDate "2016.07.07"]

1. Nf3 Nf6 2. c4 e6 3. e3 c5 4. Nc3 Be7 5. d4 cxd4 6. exd4 d6 7. Bd3 O-O 8. O-O
b6 9. Bg5 Nbd7 10. b4 Bb7 11. Re1 Rc8 12. Nd2 Re8 13. f4 Qc7 14. Re3 h6 15. Bh4
d5 16. Bg3 dxc4 17. Bf1 Nd5 18. Nxd5 Bxd5 19. a3 Bd6 20. Rc3 b5 21. Qg4 f5 22.
Qh4 Be7 23. Qh5 Bf6 24. Bf2 Qxf4 25. Be3 Qh4 26. Qg6 Nf8 27. Qg3 Qxg3 28. hxg3
e5 0-1

[Event "International Championship of Central Se"]
[Site "Paracin, hotel "]
[Date "2016.07.14"]
[Round "9.38"]
[White "Peycheva, Gergana"]
[Black "Kasparova, Tatiana"]
[Result "1/2-1/2"]
[WhiteElo "2016"]
[BlackElo "2141"]
[PlyCount "42"]
[EventDate "2016.07.07"]

1. e4 d6 2. d4 Nf6 3. Nc3 e5 4. Nf3 Nbd7 5. Bc4 Be7 6. a4 O-O 7. O-O c6 8. a5
Rb8 9. Qe2 b5 10. axb6 axb6 11. d5 c5 12. Bd2 Ne8 13. Nb5 Ndf6 14. Na7 Bd7 15.
Bb5 Bxb5 16. Qxb5 Nc7 17. Qd3 Qd7 18. Nh4 g6 19. Bh6 Rfe8 20. Nc6 Ra8 21. Rxa8
Rxa8 1/2-1/2

[Event "International Championship of Central Se"]
[Site "Paracin, hotel "]
[Date "2016.07.14"]
[Round "9.39"]
[White "Pregarac, Valter"]
[Black "Samani, Yamac"]
[Result "1/2-1/2"]
[WhiteElo "2135"]
[BlackElo "2083"]
[PlyCount "40"]
[EventDate "2016.07.07"]

1. d4 Nf6 2. c4 e6 3. Nc3 Bb4 4. e3 O-O 5. Bd3 d5 6. Nf3 c5 7. O-O Nc6 8. cxd5
exd5 9. dxc5 Bxc5 10. h3 Qe7 11. b3 Rd8 12. Bb2 h6 13. Ne2 Bd6 14. Ned4 Ne4 15.
Rc1 Bd7 16. Qe2 Rac8 17. Rfd1 Bb8 18. Nxc6 Rxc6 19. Rxc6 bxc6 20. Rc1 c5
1/2-1/2

[Event "International Championship of Central Se"]
[Site "Paracin, hotel "]
[Date "2016.07.14"]
[Round "9.40"]
[White "Jovanovic, Sasa T"]
[Black "Petrovic, Marija"]
[Result "1/2-1/2"]
[WhiteElo "2194"]
[BlackElo "2105"]
[PlyCount "108"]
[EventDate "2016.07.07"]

1. b3 e5 2. Bb2 Nc6 3. e4 d6 4. Nf3 Bg4 5. h3 Bh5 6. Be2 Nf6 7. d3 h6 8. Nbd2
Be7 9. Nc4 Bxf3 10. Bxf3 a5 11. c3 O-O 12. Ne3 Re8 13. O-O Bf8 14. a3 Ne7 15.
d4 Ng6 16. d5 b5 17. a4 Qb8 18. Qc2 bxa4 19. Rxa4 Qb7 20. Rfa1 Reb8 21. Bd1 Nf4
22. Nc4 Qc8 23. Kh2 g5 24. Rxa5 Rxa5 25. Rxa5 h5 26. Ne3 Kg7 27. c4 Kg6 28. Bc3
g4 29. h4 Kh7 30. g3 Ng6 31. Nf5 Ne7 32. f3 gxf3 33. Bxf3 Nxf5 34. exf5 Qb7 35.
b4 Qb6 36. Qe2 Bh6 37. Rb5 Qa7 38. Rxb8 Qxb8 39. Bxh5 Qa7 40. Bf3 Qa3 41. Qb2
Qa7 42. c5 Qa6 43. b5 Qa4 44. b6 cxb6 45. cxb6 Be3 46. b7 Ba7 47. Kh3 Qc4 48.
b8=Q Bxb8 49. Qd2 Qf1+ 50. Qg2 Qd3 51. Bb2 Qxf5+ 52. g4 Qd3 53. Qe2 Qxe2 54.
Bxe2 Nxd5 1/2-1/2

[Event "International Championship of Central Se"]
[Site "Paracin, hotel "]
[Date "2016.07.14"]
[Round "9.41"]
[White "Suc, Timothy"]
[Black "Milosevic, Milos"]
[Result "0-1"]
[WhiteElo "2034"]
[BlackElo "2192"]
[PlyCount "56"]
[EventDate "2016.07.07"]

1. e4 c5 2. b4 cxb4 3. a3 d5 4. exd5 Qxd5 5. Nf3 Bg4 6. Be2 e6 7. O-O Nf6 8.
axb4 Bxb4 9. c4 Qd6 10. Na3 Qe7 11. Nc2 Bd6 12. d4 O-O 13. Ne3 Bh5 14. Qb3 Nc6
15. Bb2 Bg6 16. d5 exd5 17. Bxf6 Qxf6 18. Nxd5 Qe6 19. Qxb7 Rfc8 20. Rfe1 Rab8
21. Qa6 Bc5 22. Bd3 Qg4 23. Bxg6 Qxg6 24. Re2 Re8 25. Rxe8+ Rxe8 26. Qb5 Rb8
27. Ne5 Rxb5 28. Nxg6 Rb2 0-1

[Event "International Championship of Central Se"]
[Site "Paracin, hotel "]
[Date "2016.07.14"]
[Round "9.42"]
[White "Gulden, Egemen"]
[Black "Djokic, Slavoljub"]
[Result "1-0"]
[WhiteElo "2122"]
[BlackElo "2167"]
[PlyCount "93"]
[EventDate "2016.07.07"]

1. e4 d5 2. exd5 Qxd5 3. Nc3 Qa5 4. d4 c6 5. Nf3 Bg4 6. h3 Bxf3 7. Qxf3 e6 8.
Qg3 Nf6 9. Bd3 Nbd7 10. O-O Nh5 11. Qe3 Bb4 12. Ne4 Nhf6 13. a3 Be7 14. b4 Qc7
15. c4 Nxe4 16. Qxe4 Nf6 17. Qe2 Rd8 18. Bb2 O-O 19. f4 g6 20. g4 Rfe8 21. Qf3
Rd6 22. Rae1 Red8 23. d5 cxd5 24. c5 R6d7 25. Bb5 Ne4 26. Bxd7 Rxd7 27. Qd3 Bf6
28. Bxf6 Nxf6 29. Rf3 Ne4 30. Rd1 b6 31. cxb6 Qxb6+ 32. Qd4 Qa6 33. f5 Qe2 34.
Rdf1 Qa6 35. fxe6 Qxe6 36. a4 Qd6 37. Rc1 Qb8 38. b5 Rd8 39. Rc6 Ng5 40. Rfc3
Ne6 41. Qf6 d4 42. Rf3 Rf8 43. Rxe6 fxe6 44. Qxf8+ Qxf8 45. Rxf8+ Kxf8 46. a5
Ke7 47. b6 1-0

[Event "International Championship of Central Se"]
[Site "Paracin, hotel "]
[Date "2016.07.14"]
[Round "9.43"]
[White "Jovanovic, Aleksandar D"]
[Black "Chekletsov, Egor"]
[Result "0-1"]
[WhiteElo "2148"]
[BlackElo "2009"]
[PlyCount "64"]
[EventDate "2016.07.07"]

1. b3 e5 2. Bb2 Nc6 3. c4 g6 4. e3 Bg7 5. Nf3 Nge7 6. Be2 O-O 7. d4 exd4 8.
exd4 d5 9. O-O dxc4 10. bxc4 Nf5 11. Qb3 Nfxd4 12. Nxd4 Nxd4 13. Bxd4 Qxd4 14.
Na3 Qh4 15. Rad1 Be5 16. g3 Qf6 17. f4 Bd4+ 18. Kg2 Bc5 19. Nb5 c6 20. Nc3 Re8
21. Rfe1 Re3 22. Bd3 Qe6 23. Be4 Rxg3+ 24. Kh1 Qh3 25. Rd8+ Kg7 26. Qb2 Kh6 27.
Nd1 Qh4 28. Rg8 f6 29. Qd2 Bf5 30. Bxf5 Rxg8 31. Be6 Rd3 32. Qe2 Rgd8 0-1

[Event "International Championship of Central Se"]
[Site "Paracin, hotel "]
[Date "2016.07.14"]
[Round "9.44"]
[White "Vujacic, Borivoje"]
[Black "Krasteva, Beloslava"]
[Result "1-0"]
[WhiteElo "2265"]
[BlackElo "1933"]
[PlyCount "143"]
[EventDate "2016.07.07"]

1. e4 c5 2. Nf3 d6 3. Bc4 e6 4. O-O Nf6 5. Qe2 Be7 6. c3 O-O 7. Bb3 b6 8. d3
Bb7 9. Nbd2 Nbd7 10. a4 Qc7 11. Re1 a6 12. d4 cxd4 13. Nxd4 Nc5 14. Bc2 Rac8
15. f3 Rcd8 16. Nf1 Rfe8 17. Bd2 Bf8 18. c4 Ncd7 19. b3 g6 20. Bd3 Bg7 21. Be3
Nc5 22. Rab1 d5 23. exd5 exd5 24. Bc2 dxc4 25. Qxc4 Nd5 26. Bf2 Rxe1 27. Rxe1
Qd7 28. Qe2 Nb4 29. Rd1 Re8 30. Qc4 Nxc2 31. Qxc2 Rd8 32. Ng3 Ne6 33. Nge2 b5
34. axb5 axb5 35. Be3 Ba6 36. Rd2 Nxd4 37. Bxd4 Bxd4+ 38. Rxd4 Qa7 39. Qe4 Bb7
40. Qe3 Rxd4 41. Qxd4 Qxd4+ 42. Nxd4 Bd5 43. b4 Bc4 44. Kf2 Kf8 45. Nc6 Be6 46.
Ke3 Ke8 47. Kd4 Kd7 48. Kc5 Kc7 49. Nd4 Bd7 50. Nxb5+ Kb8 51. Nd6 f5 52. b5 g5
53. Nf7 g4 54. f4 Be8 55. Nd6 Bd7 56. b6 Ka8 57. Kd5 Kb8 58. Ke5 Ka8 59. g3 Kb8
60. Kf6 Ka8 61. Kg7 h5 62. Kg6 Kb8 63. Kxh5 Bc6 64. Kg5 Bf3 65. Kxf5 Ka8 66.
Kg5 Kb8 67. f5 Bd5 68. Kxg4 Bb3 69. Kf4 Bg8 70. g4 Bb3 71. g5 Ba2 72. g6 1-0

[Event "International Championship of Central Se"]
[Site "Paracin, hotel "]
[Date "2016.07.14"]
[Round "9.45"]
[White "Can, Isik"]
[Black "Sensay, Emin"]
[Result "1/2-1/2"]
[WhiteElo "2072"]
[BlackElo "1881"]
[PlyCount "69"]
[EventDate "2016.07.07"]

1. e4 e5 2. Nf3 Nc6 3. Bb5 Nf6 4. d3 d6 5. c3 Be7 6. O-O O-O 7. Re1 Re8 8. d4
a6 9. Bxc6 bxc6 10. dxe5 dxe5 11. Nxe5 Qxd1 12. Rxd1 Nxe4 13. Nxc6 Bc5 14. Nd4
Rb8 15. f3 Nd6 16. b3 Bb7 17. Na3 Nf5 18. Nac2 Rbd8 19. Bf4 Rd7 20. Kf1 Ne7 21.
Re1 Red8 22. Bg5 h6 23. Bxe7 Bxe7 24. b4 Bf6 25. Kf2 Rc8 26. Rad1 c5 27. Ne2
Rxd1 28. Rxd1 cxb4 29. Nxb4 Bxc3 30. Nxc3 Rxc3 31. Rd7 Bc8 32. Rd6 a5 33. Nc6
Be6 34. Nxa5 Rc2+ 35. Kg1 1/2-1/2

[Event "International Championship of Central Se"]
[Site "Paracin, hotel "]
[Date "2016.07.14"]
[Round "9.47"]
[White "Malinarski, Yehuda"]
[Black "Dogan, Mire Deniz"]
[Result "1-0"]
[WhiteElo "2104"]
[BlackElo "2042"]
[Annotator "Natasa"]
[PlyCount "63"]
[EventDate "2016.07.07"]

1. e4 c5 2. Nf3 d6 3. d4 cxd4 4. Nxd4 Nf6 5. Nc3 a6 6. Be2 e5 7. Nb3 Be7 8. O-O
Qc7 9. f4 Nbd7 10. Kh1 exf4 11. Bxf4 Ne5 12. Nd4 O-O 13. Nd5 Nxd5 14. exd5 Qb6
15. b3 Bf6 16. Be3 Qd8 17. a4 Ng6 18. Bd3 Re8 19. Bg1 Bd7 20. Qd2 Rc8 21. Rae1
Rxe1 22. Qxe1 Qc7 23. c4 Re8 24. Qd2 Qd8 25. Qb4 Bc8 26. Re1 Be7 27. Nf3 f5 28.
c5 Nf8 29. Bc4 Kf7 30. c6 bxc6 31. dxc6+ Kf6 32. Qd2 {unreadable} 1-0

[Event "International Championship of Central Se"]
[Site "Paracin, hotel "]
[Date "2016.07.14"]
[Round "9.48"]
[White "Mamontova, Anastasia"]
[Black "Soilemetzidis, Konstantinos"]
[Result "0-1"]
[WhiteElo "2084"]
[BlackElo "2035"]
[PlyCount "106"]
[EventDate "2016.07.07"]

1. b3 e5 2. Bb2 Nc6 3. e3 Nf6 4. Bb5 Bd6 5. Na3 a6 6. Bxc6 dxc6 7. Nc4 Qe7 8.
Ne2 Bg4 9. h3 Bh5 10. d4 O-O-O 11. Nxd6+ Qxd6 12. f3 exd4 13. Qxd4 Qe7 14. Qe5
Qd7 15. Qa5 Bg6 16. Nd4 Rhe8 17. O-O-O Qd5 18. Qxd5 Nxd5 19. e4 Ne3 20. Rdg1 c5
21. Ne2 f5 22. Nf4 fxe4 23. Nxg6 hxg6 24. fxe4 Rxe4 25. Re1 Ree8 26. g4 Rd7 27.
Rh2 Red8 28. Bxg7 Nxg4 29. hxg4 Rxg7 30. Re5 b6 31. Rf2 Rd4 32. g5 Rg4 33. Rf6
Rg2 34. a4 a5 35. Kb2 Rd7 36. Rxg6 Rdd2 37. Rge6 Rxc2+ 38. Kb1 Rb2+ 39. Kc1 Ra2
40. Kb1 Rab2+ 41. Kc1 Rxb3 42. g6 Ra3 43. Re2 Rg1+ 44. Kb2 Rag3 45. Re8+ Kb7
46. R2e7 R1g2+ 47. Kc1 Rxg6 48. Rf8 Rg7 49. Ree8 Rh7 50. Rb8+ Kc6 51. Rf6+ Kd7
52. Rf1 Ra2 53. Kb1 Rxa4 0-1

[Event "International Championship of Central Se"]
[Site "Paracin, hotel "]
[Date "2016.07.14"]
[Round "9.49"]
[White "Cannesar, Rad"]
[Black "Djordjevic, Lazar"]
[Result "1-0"]
[WhiteElo "1892"]
[BlackElo "2022"]
[PlyCount "55"]
[EventDate "2016.07.07"]

1. e4 c5 2. Nf3 e6 3. g3 Nc6 4. Bg2 Nf6 5. Qe2 d5 6. d3 Be7 7. O-O O-O 8. Bf4
b6 9. Nc3 Ba6 10. Ne5 Nd4 11. Qd1 Bb7 12. Re1 Rc8 13. Ne2 Nb5 14. a4 Nd6 15.
Nc3 a6 16. Ng4 dxe4 17. dxe4 Nc4 18. e5 Nd5 19. Bc1 h5 20. Nh6+ gxh6 21. Qxh5
Bg5 22. Qg4 Nde3 23. Rxe3 Bxg2 24. Kxg2 Qd4 25. Rd3 Nxe5 26. Rxd4 Nxg4 27. Rxg4
f5 28. Rc4 1-0